1686 1640 1062 1465 1187 1768 1912 1999 1206 1372 1400 1899 1857 1658 1863 1190 1903 1562 1326 1187 1911 1631 1126 1564 1850 1717 1701 1448 1897 1533 1765 1307 1554 1634 1898 1394 1776 1631 1654 1235 1130 1753 1567 1390 1307 1223 1646 1741 1400 1080 1196 1105 1499 1875 1932 1657 1061 1895 1611 1091 1206 1992 1845 1051 1107 1541 1607 1275 1384 1259 1259 1379 1326 1948 1558 1857 1352 1616 1581 1441 1801 1992 1629 1514 1416 1329 1691 1995 1982 1955 1981 1303 1659 1530 1587 1928 1953 1796 1185 BCNSPRNW ULIB Ver.6.0+V

เปลี่ยนเป็นภาษาไทย

Change to English
 แสดงรายละเอียดบรรณานุกรม
  กลับหน้าหลัก

Brief Record : Get Marc (ISO 2709) : E-mail record : QR code < ปิดหน้าต่าง
LEADER : 00000nam 2200000uu 4500
001    13399114404
003     ULIB
008    110725s||||||||th 000 0 tha d
020    9789744963529
050 04 H62^bส824ส
100 0  สุปัญญา ไชยชาญ
245 10 สยบมารงานวิจัย /^cสุปัญญา ไชยชาญ
250    พิมพ์ครั้งที่ 1
260    กรุงเทพฯ :^bพี.เอ.ลีฟวิ่ง,^c2554
300    368 หน้า
650  7 วิจัย
945    ^p200^l0^i031496
945    ^p200^l0^i031497
995    ทศพร
999 ^a ทศพร
รายการนี้ยังไม่มีแท็ก
คุณยังไม่ได้ล็อกอิน คุณสามารถมีกิจกรรมร่วมกับเว็บไซต์ได้ แต่ต้องล็อกอินก่อน ::
  ล็อกอิน

รายการสื่อสารสนเทศ

ลำดับที่ ประเภท เลขเรียก/บาร์โค้ด สถานที่ สถานะ
- ไม่พบข้อมูล -

รายการใกล้เคียง
    ผู้แต่ง [สุปัญญา ไชยชาญ]

    หัวเรื่อง [วิจัย]

BibComment


ยังไม่เคยถูกคอมเมนท์

คอมเมนท์ทรัพยากรรายการนี้
  คอมเมนท์: สยบมารงานวิจัย ส..


 Copyright 2026. Bcnsprnw @Library